|
|
|
|
| LEADER |
01177nam a2200277 a 4500 |
| 001 |
000450457 |
| 003 |
CZ BrMZK |
| 005 |
20110812102924.0 |
| 007 |
ta |
| 008 |
010907s1979 xo f slo d |
| 040 |
|
|
|a BOA001
|b cze
|
| 041 |
1 |
|
|a slo
|b eng
|b ger
|b rus
|
| 100 |
1 |
|
|a Pavlík, Ondrej,
|d 1916-1996
|7 mzk2002144662
|4 aut
|
| 245 |
1 |
0 |
|a Pracovná výchova mládeže v socialistickej spoločnosti :
|b zborník prác vydaných k 25. výročiu 1. celoslovenskej konferencie o polytechnickej výchove /
|c Ondrej Pavlík
|
| 250 |
|
|
|a 1. vyd.
|
| 260 |
|
|
|a Bratislava :
|b Slovenské pedagogické nakladateľstvo,
|c 1979
|
| 300 |
|
|
|a 308 s.
|
| 546 |
|
|
|a Anglické, německé a ruské resumé
|
| 910 |
|
|
|a BOA001
|b PK-0087.268
|b 2-0813.526
|
| 920 |
|
|
|a 000181525
|
| 964 |
|
|
|a Výchova k povolání - vývoj - ČSSR - od r.1945
|
| 964 |
|
|
|a Výchova pracovní - vývoj - ČSSR - od r.1945
|
| 964 |
|
|
|a Vzdělání polytechnické - vývoj - ČSSR - od r.1945
|
| 990 |
|
|
|a BK
|
| 996 |
7 |
|
|b 2619941118
|c 2-0813.526
|l MZK
|r Sklad / do 1 hodiny
|n 2
|w 000450457
|u 000020
|a 1
|e BOA001
|j MZK50
|s A
|
| 996 |
7 |
|
|b 3119833166
|c PK-0087.268
|l MZK
|r Sklad / do 1 hodiny
|n 0
|w 000450457
|u 000010
|a 1
|e BOA001
|j MZK50
|s A
|